Statistiken für Teuerste Transfers von Borussia Mönchengladbach (Verkäufe)

Klicken Sie hier um das Quiz zu spielen!

Allgemein

  • Dieses Quiz wurde 146 mal gespielt
  • Das Durchschnittsergebnis liegt bei 12 aus 20

Antwortstatistiken

SaisonAblöse in MioNeuer VereinSpieler% Korrekt
12/1317,1DortmundMarco Reus
96%
16/1745ArsenalGranit Xhaka
95%
23/2410LeverkusenJonas Hofmann
88%
14/1512BarcelonaMarc-Andre ter Stegen
88%
19/2025,5DortmundThorgan Hazard
80%
22/239BayernYann Sommer
74%
22/2312,5MonacoBreel Embolo
68%
21/2210,88JuventusDenis Zakaria
67%
17/1812DortmundMo Dahoud
65%
23/2415BurnleyJordan Beyer
60%
18/1925SouthamptonJannik Vestergaard
58%
09/108,2BremenMarko Marin
50%
15/1612WolfsburgMax Kruse
50%
14/155,5EindhovenLuuk de Jong
49%
19/208BayernMichael Cuisance
47%
07/0814BayernMarcell Jansen
34%
17/186HamburgAndre Hahn
27%
18/195,5HoffenheimVincenzo Grifo
24%
95/965,5DortmundHeiko Herrlich
23%
17/185Tigres UANLTimothee Kolodziejczak
11%

Verteilung der Resultate

Perzentil nach korrekt beantworteten Fragen

Anzahl Personen mit jedem Resultat

Ihre Resultats-Entwicklung

Sie haben dieses Quiz noch nicht gespielt